| 000 | 01187cam a22003497a 4500 | ||
|---|---|---|---|
| 003 | CHAP | ||
| 005 | 20220329135439.0 | ||
| 008 | 971013s1978 r 00010 d | ||
| 010 | _a36645 | ||
| 011 | _a37617 | ||
| 035 | _a41737 | ||
| 040 | _cCHAP | ||
| 090 | _aFolleto 5648 | ||
| 110 |
_aMéxico. Dirección General de Conservación del Suelo y Agua _976965 |
||
| 245 | 0 | _aErosión | |
| 260 |
_aMéxico, D.F. : _bLa Dirección, _c1978 |
||
| 300 |
_a18 p. _b: ilus |
||
| 490 | 0 | _aCartilla de conservación del suelo y el agua | |
| 500 | _ac.4 en bodega | ||
| 590 |
_aBATCH-UPD _b10 _c20130110 _lUCH01 _h2005 |
||
| 590 |
_aBATCH-UPD _b10 _c20130410 _lUCH01 _h1325 |
||
| 590 |
_aBATCH-UPD _b10 _c20130914 _lUCH01 _h1316 |
||
| 590 |
_aCONVERSION _b10 _c20130109 _lUCH01 _h1320 |
||
| 650 | 1 | 4 |
_aErosión. _937335 |
| 650 | 1 | 4 |
_aSuelos _xConservación. _9110283 |
| 830 | 0 |
_aCartilla de conservación del suelo y el agua _919636 |
|
| 901 | _aBK | ||
| 942 | _cFOLL | ||
| 949 |
_aFolleto 5648 _bBC _cFOLL _d417371 _eTS1 _i41737 _kDonaciØn _sb |
||
| 949 |
_aFolleto 5648 _bBC _cFOLL _d417372 _eTS2 _fc.2 _i41737 _kDonaciØn _si |
||
| 949 |
_aFolleto 5648 _bBC _cFOLL _d417373 _eTS2 _fc.3 _i41737 _kDonaciØn _si |
||
| 999 |
_c36645 _d36645 |
||